| 000 | 003460000a22001210004500 | ||
|---|---|---|---|
| 090 |
_aAS _bSeriadas |
||
| 245 | 1 | 0 | _aArtrópodos hematófagos del río Raposo, Valle Colombia: II, Culicidae |
| 041 | 0 | _aEspañol | |
| 700 | 1 |
_aLee, V. H. _999224 |
|
| 100 | 1 |
_aBarreto, Pablo _998969 |
|
| 942 | _cARTICULO | ||
| 773 | 1 |
_tCaldasia _345 _h49 _q407-440 _d1969 _g10 |
|
| 999 |
_c14365 _d14365 |
||